[Event "GER-chT U10"]
[Site "Magdeburg"]
[Date "2014.12.29"]
[Round "6.1"]
[White "Hegemann, Erik"]
[Black "Junghans, Richard"]
[Result "1-0"]
[WhiteElo "1176"]
[BlackElo "1024"]
[PlyCount "52"]
[EventDate "2014.12.27"]
[EventType "team-swiss"]
[EventRounds "7"]
[EventCountry "GER"]
[SourceTitle "EXT 2016"]
[Source "ChessBase"]
[SourceDate "2015.10.08"]
[SourceVersion "1"]
[SourceVersionDate "2015.10.08"]
[SourceQuality "1"]
[WhiteTeam "Raesfeld Erle"]
[BlackTeam "Leipzig Gruen Weiss III"]
[WhiteTeamCountry "GER"]
[BlackTeamCountry "GER"]

1. e4 e5 2. Nf3 Nc6 3. Bc4 Bc5 4. c3 Qf6 5. d3 d6 6. Bg5 Qg6 7. Qd2 f6 8. Be3 Bxe3 9. Qxe3 Nge7 10. Nh4 Qg4 11. g3 Na5 12. Nd2 Nac6 13. Ndf3 Bd7 14. h3 Qh5 15. g4 Qh6 16. Qxh6 gxh6 17. d4 0-0-0 18. Nf5 Nxf5 19. gxf5 Be8 20. Be6+ Rd7 21. d5 Ne7 22. 0-0-0 Kb8 23. Nh2 Rd8 24. b3 Bb5 25. c4 Be8 26. Ng4 Bh5 1-0

[Event "GER-chT U10"]
[Site "Magdeburg"]
[Date "2014.12.28"]
[Round "4.1"]
[White "Hegemann, Erik"]
[Black "Lindner, Ben"]
[Result "1-0"]
[WhiteElo "1176"]
[BlackElo "949"]
[PlyCount "57"]
[EventDate "2014.12.27"]
[EventType "team-swiss"]
[EventRounds "7"]
[EventCountry "GER"]
[SourceTitle "EXT 2016"]
[Source "ChessBase"]
[SourceDate "2015.10.08"]
[SourceVersion "1"]
[SourceVersionDate "2015.10.08"]
[SourceQuality "1"]
[WhiteTeam "Raesfeld Erle"]
[BlackTeam "Leipzig Gruen Weiss II"]
[WhiteTeamCountry "GER"]
[BlackTeamCountry "GER"]

1. e4 e5 2. Nf3 Nc6 3. Bc4 Bc5 4. c3 Nf6 5. d4 d6 6. dxc5 dxc5 7. Qxd8+ Nxd8 8. Nxe5 Be6 9. Bxe6 fxe6 10. Bg5 Nxe4 11. Bf4 0-0 12. Nd3 Z0 13. 0-0 Nf7 14. Nd2 Rad8 15. Nxe4 Rxd3 16. Nxc5 Rd5 17. Nxe6 Rc8 18. Rae1 Rf5 19. Bg3 Rf6 20. Nxc7 Nd6 21. Bxd6 Rxd6 22. Ne8 Rdd8 23. Nxg7 Kxg7 24. Re7+ Kg8 25. Rxb7 Rd2 26. a4 a5 27. b4 axb4 28. cxb4 Rb2 29. h3 1-0

[Event "GER-chT U10"]
[Site "Magdeburg"]
[Date "2012.12.27"]
[Round "1.4"]
[White "Hegemann, Erik"]
[Black "Kemke, Annabelle"]
[Result "1-0"]
[WhiteElo "681"]
[BlackElo "790"]
[PlyCount "59"]
[EventDate "2012.12.27"]
[EventType "team-swiss"]
[EventRounds "7"]
[EventCountry "GER"]
[SourceTitle "EXT 2014"]
[Source "ChessBase"]
[SourceDate "2013.11.20"]
[SourceVersion "1"]
[SourceVersionDate "2013.11.20"]
[SourceQuality "1"]
[WhiteTeam "Berlin Schachpinguine"]
[BlackTeam "Raesfeld Erle"]
[WhiteTeamCountry "GER"]
[BlackTeamCountry "GER"]

1. e4 e5 2. Nf3 Nc6 3. Bc4 Nf6 4. Ng5 d5 5. exd5 b5 6. Bxb5 Qxd5 7. Nc3 Qxg2 8. Rf1 Qxg5 9. Bxc6+ Bd7 10. Bxa8 Bh3 11. d4 exd4 12. Bxg5 h6 13. Bxf6 gxf6 14. Rg1 dxc3 15. b3 Ba3 16. Qd3 Bb2 17. Rb1 Ba3 18. Qxh3 Bb4 19. Qc8+ Ke7 20. Qxh8 Bd6 21. Rg8 Ke6 22. Qxh6 c5 23. Qh5 f5 24. Qe2+ Kf6 25. Rd1 Bxh2 26. f3 Bf4 27. Qc4 Ke7 28. Qxf4 f6 29. Qe3+ Kf7 30. Qe8# 1-0